MARC

LEADER 00000cam a2200000 7i4500
001 0000025309
005 20140807.0
008 140515 my a may
040 |a INS 
090 0 0 |a M346 
110 1 |a Kursus pembangunan sahsiah dalam organisasi ,   |d 2013 25 - 28 Februari   |c INSPEN, Bangi 
245 0 0 |a Kursus pembangunan sahsiah dalam organisasi :   |b 25 - 28 Februari 2013   |c Anjuran Pusat Pengurusan dan Teknologi Maklumat, INSPEN 
260 |a Bangi :   |b Institut Penilaian Negara ,   |c 2013 
300 |a 1v. ( Various pagings ) :   |b ill ;   |c 30 cm. 
650 0 |a Personality developmant   |x Organization 
710 1 |a INSPEN ( Institut Penilaian Negara ) 
856 |u http://app.inspen.gov.my:7779/pls/portal/docs/PAGE/CORPORATEPAGES/PORTAL_INSPEN/NOTA_KURSUS/MANAGEMENT/KURSUS%20PEMBANGUNAN%20SAHSIAH%20DALAM%20ORGANISASI.PDF 
999 |a M000000802   |b BOOK   |c Course Notes   |e Default branch 
999 |a M000000803   |b BOOK   |c Course Notes   |e Default branch 
999 |a M000000867   |b BOOK   |c Course Notes   |e Default branch